| 000 | 00835nam a2200217Ia 4500 | ||
|---|---|---|---|
| 001 | 12690 | ||
| 003 | GE_BSU | ||
| 008 | 181216s||||||||xx |||||||||||||| ||und|| | ||
| 040 | _cGE_BSU | ||
| 080 | _a581 | ||
| 100 | _aТимирязев,К. | ||
| 245 | _aЖизнь растении.В шести томах. Т.4. Мхи,Плауны,Хвощи,Папоротники,Голосеменные растения | ||
| 245 | _cГл.ред.А.А.Федоров.Под ред.И.В.Грушвицкого | ||
| 260 | _aМосква | ||
| 260 | _bПросвещение | ||
| 260 | _c1978 | ||
| 300 | _a448стр.илл.27см. | ||
| 300 | _eУказатель терминов с.421-433. Указатель латинских названии растении стр.434-441 | ||
| 653 | _aЖизнь растении | ||
| 942 | _cBK | ||
| 999 |
_c45861 _d45861 |
||